Point for science 5 : Zborník doktorandského výskumu 2024 /

Salvato in:
Dettagli Bibliografici
Ente Autore: Point for Science 5 / Bratislava (A style in speech or writing that arrests attention and has a penetrating or convincing quality or effect)
Altri autori: Čerešňová, Zuzana, 1973- (Compilatore, Revisore), Benkovičová, Lucia, 1986- (Compilatore), Rollová, Lea, 1964- (Revisore), Schleicher, Alexander, 1974- (Revisore), Lipková, Michala 1985 (Revisore), Pohaničová, Jana, 1966- (Revisore), Moravčíková, Henrieta, 1963- (Revisore), Smatanová, Katarína, 1987- (Revisore), Kotradyová, Veronika, 1974- (Revisore), Joklová, Viera, 1963- (Revisore), Pifko, Henrich, 1959- (Revisore), Bacová, Andrea, 1962- (Revisore), Legény, Ján, 1985- (Revisore), Daniel, Peter, 1968- (Revisore), Olah, Peter, 1977- (Revisore), Lukáč, Milan, 1962- (Revisore), Šimkovič, Vladimír, 1953- (Revisore), Vojteková, Eva, 1959- (Revisore)
Natura: Atti del Convegno Libro
Lingua:inglese
Pubblicazione: Bratislava : Spektrum STU, 2024
Edizione:1. vydanie
Soggetti:
Accesso online:https://www.fad.stuba.sk/buxus/docs/point_for_science/point5.pdf
Tags: Aggiungi Tag
Nessun Tag, puoi essere il primo ad aggiungerne!!

MARC

LEADER 00000nam a22000003a 4500
001 0114895
003 SK-STU
005 20250411104011.1
007 ta
008 201013s ----xo-----e------100-0-----d
020 |a 978-80-227-5363-7 
035 |a biblio/1344560  |2 CREPC2 
040 |a STU  |b slo 
041 0 |a eng  |a eng  |b eng 
044 |a xo 
111 2 |a Point for Science 5 /  |e A style in speech or writing that arrests attention and has a penetrating or convincing quality or effect  |d 3. máj 2024  |c Bratislava 
245 1 0 |a Point for science 5 :  |b Zborník doktorandského výskumu 2024 /  |c zost. Zuzana Čerešňová, Lucia Benkovičová ; rec. Lea Rollová, Alexander Schleicher, Michala Lipková, Jana Pohaničová, Henrieta Moravčíková, Katarína Smatanová, Veronika Kotradyová, Viera Joklová, Henrich Pifko, Andrea Bacová, Ján Legény, Peter Daniel, Peter Olah, Milan Lukáč, Vladimír Šimkovič, Eva Vojteková, Zuzana Čerešňová 
246 3 1 |b Collection of Doctoral Research for 2024 
250 |a 1. vydanie 
260 |a Bratislava :  |b Spektrum STU,  |c 2024 
300 |a 145 s. 
650 4 |a architektonický výskum 
650 4 |a prezentácia architektúry 
650 4 |a architektúra a urbanizmus 
650 4 |a dizajn 
700 1 |a Čerešňová, Zuzana,  |d 1973-  |u 058180  |r Z1  |4 com  |9 50  |U FAD Fakulta architektúry a dizajnu  |T FAD Ústav architektúry občianskych budov  |X 470  |U A8180  |Y 399  |7 A000000470 
700 1 |a Benkovičová, Lucia,  |d 1986-  |u 050903  |r Z2  |4 com  |9 50  |U FAD Dekanát  |T FAD Oddelenie pre vedu a výskum  |X 15512  |U A0903  |Y 93  |7 A000015512 
700 1 |a Rollová, Lea,  |d 1964-  |u 058180  |r Z1  |4 rev  |U FAD Fakulta architektúry a dizajnu  |T FAD Ústav architektúry občianskych budov  |X 2678  |U A8180  |Y 399  |7 A000002678 
700 1 |a Schleicher, Alexander,  |d 1974-  |u 058180  |r Z1  |4 rev  |U FAD Fakulta architektúry a dizajnu  |T FAD Ústav architektúry občianskych budov  |X 472  |U A8180  |Y 399  |7 A000000472 
700 1 |a Lipková, Michala  |d 1985  |u 059190  |r Z1  |4 rev  |U FAD Fakulta architektúry a dizajnu  |T FAD Ústav dizajnu  |X 15371  |U A9190  |Y 400  |7 A000015371 
700 1 |a Pohaničová, Jana,  |d 1966-  |u 053130  |r Z1  |4 rev  |U FAD Fakulta architektúry a dizajnu  |T FAD Ústav dejín a teórie architektúry a obnovy pamiatok  |X 390  |U A3130  |Y 394  |7 A000000390 
700 1 |a Moravčíková, Henrieta,  |d 1963-  |u 053130  |r Z1  |4 rev  |U FAD Fakulta architektúry a dizajnu  |T FAD Ústav dejín a teórie architektúry a obnovy pamiatok  |X 36576  |U A3130  |Y 394  |7 36576 
700 1 |a Smatanová, Katarína,  |d 1987-  |u 056160  |r Z1  |4 rev  |U FAD Fakulta architektúry a dizajnu  |T FAD Ústav urbanizmu a územného plánovania  |X 27652  |U A6160  |Y 397  |7 A000027652 
700 1 |a Kotradyová, Veronika,  |d 1974-  |u 055150  |r Z1  |4 rev  |U FAD Fakulta architektúry a dizajnu  |T FAD Ústav interiéru a výstavníctva  |X 344  |U A5150  |Y 396  |7 A000000344 
700 1 |a Joklová, Viera,  |d 1963-  |u 056160  |r Z1  |4 rev  |U FAD Fakulta architektúry a dizajnu  |T FAD Ústav urbanizmu a územného plánovania  |X 378  |U A6160  |Y 397  |7 A000000378 
700 1 |a Pifko, Henrich,  |d 1959-  |u 052120  |r Z1  |4 rev  |U FAD Fakulta architektúry a dizajnu  |T FAD Ústav ekologickej a experimentálnej architektúry  |X 449  |U A2120  |Y 393  |7 A000000449 
700 1 |a Bacová, Andrea,  |d 1962-  |u 051110  |r Z1  |4 rev  |U FAD Fakulta architektúry a dizajnu  |T FAD Ústav architektúry obytných budov  |X 354  |U A1110  |Y 392  |7 A000000354 
700 1 |a Legény, Ján,  |d 1985-  |u 052120  |r Z1  |4 rev  |U FAD Fakulta architektúry a dizajnu  |T FAD Ústav ekologickej a experimentálnej architektúry  |X 15369  |U A2120  |Y 393  |7 A000015369 
700 1 |a Daniel, Peter,  |d 1968-  |u 055150  |r Z1  |4 rev  |U FAD Fakulta architektúry a dizajnu  |T FAD Ústav interiéru a výstavníctva  |X 388  |U A5150  |Y 396  |7 A000000388 
700 1 |a Olah, Peter,  |d 1977-  |u 059190  |r Z1  |4 rev  |U FAD Fakulta architektúry a dizajnu  |T FAD Ústav dizajnu  |X 5303  |U A9190  |Y 400  |7 A000005303 
700 1 |a Lukáč, Milan,  |d 1962-  |u 059200  |r Z1  |4 rev  |U FAD Fakulta architektúry a dizajnu  |T FAD Ústav výtvarnej tvorby a multimédií  |X 432  |U A9200  |Y 821  |7 A000000432 
700 1 |a Šimkovič, Vladimír,  |d 1953-  |4 rev  |X 394  |7 A000000394 
700 1 |a Vojteková, Eva,  |d 1959-  |u 054140  |r Z1  |4 rev  |U FAD Fakulta architektúry a dizajnu  |T FAD Ústav konštrukcií v architektúre a inžinierskych stavieb  |X 333  |U A4140  |Y 395  |7 A000000333 
700 1 |a Čerešňová, Zuzana,  |d 1973-  |u 058180  |r Z1  |4 rev  |U FAD Fakulta architektúry a dizajnu  |T FAD Ústav architektúry občianskych budov  |X 470  |U A8180  |Y 399  |7 A000000470 
856 4 0 |u https://www.fad.stuba.sk/buxus/docs/point_for_science/point5.pdf 
996 |b 284AU10616  |c A* 13790/U  |l AAKNST  |s P  |a 0  |w 0114895_0001